000 00590nam a2200205 i 4500
001 bg
245 0 _aPlanning with the small computer :
_ban application reader /
_ced. by Mathew E. MacIver, Jan Schreiber.
260 _aBoston :
_bOelgeschlager, Gunn&Hain,
_c1986.
650 9 _aKomputery
_xstosowanie
650 9 _aPlanowanie
_xautomatyzacja
700 1 _aMacIver, Mathew
700 1 _aSchreiber, Jan.
_e1941-
020 _a0899462154
040 _cBPK
041 _apol
080 _a004:35
920 _a0-89946-215-4
942 _cKS
008 s pl f |000 0 pol
999 _c29737
_d29737
856 _uhttp://koha.tu.koszalin.pl/cgi-bin/koha/opac-detail.pl?biblionumber=29737
_yKatalog online BPK